Fallen /

Guardat en:
Dades bibliogràfiques
Autor principal: Kate, Lauren (Autor)
Altres autors: Daniele, Serena (Traductor)
Format: Llibre
Idioma:italià
Publicat: Milano : Rizzoli, ©2017, stampa 2016
Edició:Nuova ed
Col·lecció:Rizzoli narrativa
Etiquetes: Afegir etiqueta
Sense etiquetes, Sigues el primer a etiquetar aquest registre!

MARC

LEADER 00000nam a22000007i 4500
001 IT\ICCU\RMB\0796906
003 ItRI
005 20240705110827.0
008 170130s2017 it |||||| |||||1|||||c
020 |a 9788817089852 (2016) 
020 |a 9788817093927 
040 |b ita  |c CDM 
041 7 |a ita  |2 ISO-639-2 
082 |a 813.6  |2 23 
100 1 |a Kate, Lauren  |0 IT\ICCU\TO0V\638392  |4 aut 
240 1 0 |a Fallen  |9 Kate, Lauren 
245 1 0 |a Fallen /  |c Lauren Kate ; traduzione di Serena Daniele. 
250 |a Nuova ed 
260 |a Milano :  |b Rizzoli, ©2017,  |c stampa 2016 
300 |a 442 p. ;  |c 22 cm 
700 1 |a Daniele, Serena  |0 IT\ICCU\RAVV\105656  |4 trl 
830 0 |a Rizzoli narrativa  |0 IT\ICCU\CFI\0728647 
942 |2 ddc  |c BK 
952 |0 0  |1 0  |2 ddc  |4 0  |6 813_600000000000000_KAT_FAL  |7 1  |9 1578  |a RA  |b RA  |d 2024-07-05  |l 0  |o 813.6 KAT FAL  |p 9327  |r 2024-07-05 11:08:56  |w 2024-07-05  |y BK 
981 1 |6 z01  |a i   |b xxxe  
982 1 |6 z01  |a n 
999 |c 1395  |d 1395